Les pays les plus proches de la Somalie - Statistiques

Statistiques générales
  • Ce quiz a été pris 71 fois
  • Le résultat moyen est 16 sur 20
Statistiques - réponses
km pays % Correct
0 Éthiopie
100%
0 Kenya
97%
749 Soudan
95%
0 Djibouti
92%
117 Érythrée
91%
597 Soudan du Sud
91%
425 Tanzanie
88%
1082 Rép dém du Congo
85%
550 Arabie Saoudite
83%
988 Mozambique
82%
133 Yémen
82%
571 Oman
80%
666 Ouganda
80%
1155 Burundi
74%
1135 Rwanda
74%
1232 Malawi
62%
1233 Émirats arabes unis
55%
1209 Seychelles
52%
1280 Zambie
46%
1098 Comores
45%
Aucun quiz correspondant
Distribution des résultats
% des personnes avec chaque résultat
Percentile par nombre de réponses
Votre historique - résultats
Vous n’avez pas pris ce quiz